00672nam a2200193Ia 450000500170000000800410001702000180005804000130007608200130008910000260010224500220012826000580015030000190020854600120022765000540023994200090029395201590030299900170046120260203122937.0231207s9999 xx 000 0 und d a9780748728572 cPK-LaNCA a792bPRA aMackey, Sally(Editor) 0aPractical theatre bStanley Thornes PublishersaCheltenham, Englandc1997 axiv, 386pbill aEnglish aTheatre--Practical aspects. Performing arts. FTV. cF&TV 0010406FTV_792_000000000000000_PRA_3108470926662aNCAbNCAcFilm & TV d2023-12-08l0oFTV 792 PRA 31084p31084r2023-12-08 00:00:00w2023-12-08yF&TV c26662d26662